Personal selling on foreign industrial markets on the example of Finland

Fínsko ako krajina ktorej kultúrna jedinečnosť ovplyvňuje spôsob a realizáciu osobného predaja. Všeobecné činnosti získavania zákazníkov v zahraničí. Nástroje zmiešanej podpory predaja na špecifických priemyselných trhoch. Zahraničná reklamná kampaň. Výsledky výskumov osobného predaja vo Fínsku.

Gespeichert in:
Bibliographische Detailangaben
1. Verfasser: Pabian, Aleksander
Format: Buchkapitel
Sprache:Englisch
Schlagworte:
Tags: Tag hinzufügen
Keine Tags, Fügen Sie das erste Tag hinzu!

MARC

LEADER 00000nla$a2200000$$$4500
001 0111169
005 20221128083140.1
041 0 |a eng 
044 |a SK 
245 1 0 |a Personal selling on foreign industrial markets on the example of Finland  |c Aleksander Pabian 
520 |a Fínsko ako krajina ktorej kultúrna jedinečnosť ovplyvňuje spôsob a realizáciu osobného predaja. Všeobecné činnosti získavania zákazníkov v zahraničí. Nástroje zmiešanej podpory predaja na špecifických priemyselných trhoch. Zahraničná reklamná kampaň. Výsledky výskumov osobného predaja vo Fínsku. 
610 2 0 |a Fínsko 
610 2 0 |a predaj priamy 
610 2 0 |a reklama 
610 2 0 |a podpora predaja 
610 2 0 |a trh medzinárodný 
610 2 0 |a analýza trhu 
610 2 0 |a kultúra 
100 1 |a Pabian, Aleksander